00507nam a2200169 a 4500008004100000020001500041050001500056100001800071245010100089250001200190260004300202300002400245350000900269650001400278650002900292700001600321120416s1976 ||||||||||||||||| || u a0297772317 aHC 256 Uni aCoppock, D. J14aThe UK economy: a manual of applied economics (6th ed.)cedited by A. R. Prest and D. J. Coppock a6th ed. aLondon:bWeidenfeld and Nicolsonc1976 axviii, 322p. : ill. a0.00 0aECONOMICS aECONOMICS--GREAT BRITAIN aPrest, A. R